000 00838nam a2200229 a 4500
001 81080
003 BD-RjUL
005 20230115120258.0
008 230115s2020 bg ||||| |||| 00| 0 ben d
020 _a9789840760060
035 _a(BD-RjUL)81080
040 _aBD-RjUL
_beng
_cBD-RjUL
041 _aben
082 _223
_a954.9205092
_bKAB 2020
100 _aকাসেম, আবুল
_96212
245 _aবঙ্গবন্ধু ও চা-শিল্প /
_cআবুল কাসেম
260 _aঢাকা :
_bবাংলা একাডেমি,
_c২০২০
300 _a১২৬ পৃ.:
_bচিত্রসমূহ;
_c২৩ সেমি.
600 _aমুজিবুর রহমান , শেখ,
_d১৯২০-১৯৭৫
600 _aMujibur Rahman, Sheikh,
_d1920-1975
942 _2ddc
_cBK
999 _c81080
_d81080